Gaming Quiz

Random Gaming or Board Games Quiz
Score 0/24 Timer 06:00
147 Plays Today
Number Game % Correct
4Monopoly
97.7%
13Chess (or Checkers)
95.7%
7Battleship
92.5%
21Operation
90.8%
14Scrabble
89.2%
23Connect Four
88.2%
6Mouse Trap
88.1%
10Twister
85.3%
2Backgammon
82.4%
11Candy Land
82.1%
3Risk
81%
15Chinese Checkers
79.4%
Number Game % Correct
24Chutes and Ladders
78.8%
1Sorry!
75.8%
17The Game of Life
74.4%
16Cluedo (Clue)
74.3%
18Trivial Pursuit
68.6%
22Trouble
62.1%
5Mancala
49.2%
9Othello (Reversi)
48.2%
12Stratego
34.5%
19Cranium
29.5%
20Parcheesi
27.9%
8Go
20.7%
Remove Ads.
Support Sporcle.
Get the best of Sporcle when you Go Orange. This ad-free experience offers more features, more stats, and more fun while also helping to support Sporcle. Thank you for becoming a member.

You're not logged in!

Compare scores with friends on all Sporcle quizzes.
OR
Log In

Show Comments

Extras

Top Quizzes Today


Score Distribution

Your Account Isn't Verified!

In order to create a playlist on Sporcle, you need to verify the email address you used during registration. Go to your Sporcle Settings to finish the process.

Report this User

Report this user for behavior that violates our Community Guidelines.

Details: